<?xml version="1.0" encoding="UTF-8"?>
<record
    xmlns:xsi="http://www.w3.org/2001/XMLSchema-instance"
    xsi:schemaLocation="http://www.loc.gov/MARC21/slim http://www.loc.gov/standards/marcxml/schema/MARC21slim.xsd"
    xmlns="http://www.loc.gov/MARC21/slim">

  <leader>00715nam a2200229 i 4500</leader>
  <controlfield tag="001">IT\ICCU\FER\0165312</controlfield>
  <controlfield tag="003">ItRI</controlfield>
  <controlfield tag="005">20260216160202.0</controlfield>
  <controlfield tag="008">980411s1998    it ||||||    ||||| |||||c</controlfield>
  <datafield tag="015" ind1=" " ind2=" ">
    <subfield code="2">IT</subfield>
    <subfield code="a">99-9689</subfield>
  </datafield>
  <datafield tag="020" ind1=" " ind2=" ">
    <subfield code="a">8877682329</subfield>
  </datafield>
  <datafield tag="040" ind1=" " ind2=" ">
    <subfield code="b">ita</subfield>
    <subfield code="c">Arcigay Verona</subfield>
  </datafield>
  <datafield tag="041" ind1=" " ind2="7">
    <subfield code="a">ita</subfield>
    <subfield code="2">ISO-639-2</subfield>
  </datafield>
  <datafield tag="082" ind1=" " ind2=" ">
    <subfield code="a">811.4</subfield>
    <subfield code="9">Poesia americana in lingua inglese. 1861-1900</subfield>
    <subfield code="2">20</subfield>
  </datafield>
  <datafield tag="100" ind1="1" ind2=" ">
    <subfield code="a">Cenni, Alessandra</subfield>
    <subfield code="0">IT\ICCU\CFIV\031274</subfield>
    <subfield code="4">aut</subfield>
  </datafield>
  <datafield tag="245" ind1="1" ind2="0">
    <subfield code="a">Cercando Emily Dickinson /</subfield>
    <subfield code="c">Alessandra Cenni.</subfield>
  </datafield>
  <datafield tag="260" ind1=" " ind2=" ">
    <subfield code="a">Milano :</subfield>
    <subfield code="b">Archinto,</subfield>
    <subfield code="c">\1998!</subfield>
  </datafield>
  <datafield tag="300" ind1=" " ind2=" ">
    <subfield code="a">156 p. ;</subfield>
    <subfield code="c">21 cm.</subfield>
  </datafield>
  <datafield tag="650" ind1=" " ind2="7">
    <subfield code="a">Dickinson, Emily</subfield>
    <subfield code="x">Biografia</subfield>
    <subfield code="2">scbi</subfield>
  </datafield>
  <datafield tag="830" ind1=" " ind2="0">
    <subfield code="a">Biografie e ritratti</subfield>
    <subfield code="0">IT\ICCU\RAV\0242839</subfield>
  </datafield>
  <datafield tag="942" ind1=" " ind2=" ">
    <subfield code="2">ddc</subfield>
    <subfield code="c">BK</subfield>
    <subfield code="n">0</subfield>
  </datafield>
  <datafield tag="999" ind1=" " ind2=" ">
    <subfield code="c">28650</subfield>
    <subfield code="d">28650</subfield>
  </datafield>
  <datafield tag="952" ind1=" " ind2=" ">
    <subfield code="0">0</subfield>
    <subfield code="1">0</subfield>
    <subfield code="4">0</subfield>
    <subfield code="7">0</subfield>
    <subfield code="a">VR</subfield>
    <subfield code="b">VR</subfield>
    <subfield code="d">2026-02-16</subfield>
    <subfield code="i">54</subfield>
    <subfield code="l">0</subfield>
    <subfield code="o">811.4 CEN CER</subfield>
    <subfield code="p">OBE-54</subfield>
    <subfield code="r">2026-02-16 15:28:37</subfield>
    <subfield code="w">2026-02-16</subfield>
    <subfield code="y">BK</subfield>
  </datafield>
</record>
